| 000 | 00555nam a22001697a 4500 | ||
|---|---|---|---|
| 003 | NUST | ||
| 038 | _aNusrat Nadeem | ||
| 082 | _a200 | ||
| 100 |
_aNazir, Noor ul Ain _9120175 |
||
| 245 |
_aEarly Detection of Hepatocellular Carcinoma (HCC) through Biosensor/ _cNoor ul Ain Nazir |
||
| 264 |
_aIslamabad; _bASAB NUST; _c2023. |
||
| 300 |
_a160,p; _bill; _c30,cm. |
||
| 650 |
_aPhD-Industrial Biotechnology _9123908 |
||
| 700 |
_aSupervisor:Dr.Shah Rukh Abbas _9120177 |
||
| 856 | _u http://10.250.8.41:8080/xmlui/handle/123456789/39572 | ||
| 942 |
_2ddc _cSC |
||
| 999 |
_c610107 _d610107 |
||